000 00467nam a2200169Ia 4500
005 20250106053918.0
008 240331s9999 xx 000 0 und d
020 _a0253207851
082 _a951
100 _aChow,R
245 0 _aWriting diaspore :
_btactics of intervention in contemporary cultural studies
260 _a Bloomington and Indianapolis
_bIndiana University Press
_c1993
300 _ax, 223 p .,
650 _aCulture
650 _aArts
942 _cL
999 _c4437
_d4437